000 01775cam a22005774i 4500
001 u9207
003 PE-LiUPU
005 20250731180156.0
008 150616s1990 ck a r 000 0 spa d
020 _a968422043X
020 _a9789684220430
035 _a(Sirsi) i9789684220430
040 _aPE-LiUPU
_bspa
_cPE-LiUPU
_dPE-LiUPU
_erda
049 _aPRUA
082 0 4 _a510
_bA432m
_223
100 1 _aAllendoerfer, Carl B.,
_eautor.
245 1 0 _aMatemáticas Universitarias /
_cCarl B. Allendoerfer.
250 _aCuarta edición
264 1 _aBogotá :
_bMcGraw-Hill,
_c1990.
300 _a383 páginas :
_bilustraciones ;
_c23 centímetros.
336 _atext
_2rdacontent
337 _aunmediated
_2rdamedia
338 _avolume
_2rdacarrier
505 0 _aConjuntos -- Lógica -- Números -- Algebra básica -- Exponentes y radicales -- Ecuaciones -- Polinomios y funciones polinomiales -- Inecuaciones -- Matrices -- Funciones -- La derivada -- La Integral.
526 _aSEG44
526 _aSEG26
526 _aP159
526 _aP155
526 _aP154
526 _aP153
526 _aP150
526 _aP100
526 _aP31
526 _aP30
526 _aP26
526 _aP25
526 _aP24
526 _aP22
526 _aP15
526 _aP10
650 0 _aMatemáticas
_9187
700 1 _aCletus O. Oakley.
_eautor
910 _ajck
942 _2ddc
_cBK
980 _81
_gALBERTO SANCHEZ Responsable de Automatización
999 _c60636
_d60636